000 01233cad a22002295a 4500
001 E147383
008 090507s2009 xxk f 000 0 eng d
035 _a(Sirsi) u147383
041 0 _aeng
050 0 4 _a346.41043 $2 18
110 2 _aUnited Kingdom
_bLand Registry
_94774
245 0 0 _aEarly completion
_h[electronic resource]
260 _aLondon
_bLand Registry
_c2009
490 _aLand Registry Practice Bulletin
_v(16) April 2009
520 _aAimed at legal practitioners and lenders, this practice bulletin sets out the Land Registry's new policy of early completion where an application to remove entries relating to a registered charge is lodged together with other applications but proof of satisfaction of the registered charge does not accompany, or precede, the application. Takes effect from 3 August 2009.
650 2 4 _aLAND REGISTRATION ACT 2002
650 2 4 _aLAND REGISTRATION RULES 2003
651 4 _aEngland and Wales
_y1543-
690 _aPROPERTY-PROPERTY ACQUISITION AND DISPOSAL-REGISTRATION OF TITLE TO PROPERTY-LAND REGISTRATION
856 4 0 _uhttps://www1.landregistry.gov.uk/assets/library/documents/lrpb016.pdf
_zView this pdf document free of charge at www1.landregistry.gov.uk...
942 _n0
999 _c109530
_d109530